[Event "TCh-TUR 2014"]
[Site "Konya TUR"]
[Date "2014.06.23"]
[Round "1.3"]
[White "Gumustas, Ilgaz"]
[Black "Ersahin, Bulent"]
[Result "0-1"]
[WhiteElo "1841"]
[BlackElo "2196"]
[WhiteTeam "Salihli Sardes Spor Kulubu"]
[BlackTeam "Kocaeli Buyuksehir Belediyesi Kagit Spor"]
[WhiteFideId "6305270"]
[BlackFideId "6302670"]
[EventDate "2014.06.23"]

1. e4 c5 2. Nf3 Nc6 3. Bb5 e6 4. Bxc6 bxc6 5. d3 Ne7 6. Qe2 d6 7. Na3 e5 8. h3
Ng6 9. Nc4 Be7 10. Be3 Be6 11. g3 Rb8 12. b3 O-O 13. h4 Bg4 14. Ncd2 f5 15. Bg5
Bxg5 16. hxg5 d5 17. Kf1 Qd7 18. Kg2 fxe4 19. dxe4 Rxf3 20. Nxf3 Rf8 21. Qe3
Bxf3+ 22. Kh2 Qg4 23. Kg1 Bxh1 24. Kxh1 Qf3+ 25. Qxf3 Rxf3 26. Kg2 Rc3 27. Rc1
Kf7 28. Kf1 Nf8 29. f4 Rxg3 30. fxe5 Rxg5 31. exd5 cxd5 32. Ke2 Rxe5+ 33. Kd2
Rf5 34. a3 a5 35. c4 d4 36. b4 axb4 37. axb4 cxb4 38. c5 Ne6 39. c6 Nc7 40. Kd3
Ke6 41. Kxd4 Kd6 42. Rc2 h5 43. Rb2 Kxc6 44. Ke4 Rg5 45. Rc2+ Rc5 46. Rb2 Kb5
47. Kd4 g5 48. Ke4 h4 49. Rb3 Rc4+ 50. Kf5 g4 51. Kg5 g3 52. Rf3 g2 0-1

[Event "TCh-TUR 2014"]
[Site "Konya TUR"]
[Date "2014.06.23"]
[Round "1.3"]
[White "Nikolova, Adriana"]
[Black "Abdulla, Khayala"]
[Result "0-1"]
[WhiteTitle "WGM"]
[BlackTitle "WIM"]
[WhiteElo "2303"]
[BlackElo "2233"]
[WhiteTeam "Kocaeli Buyuksehir Belediyesi Kagit Spor"]
[BlackTeam "Salihli Sardes Spor Kulubu"]
[WhiteFideId "2908689"]
[BlackFideId "13401807"]
[EventDate "2014.06.23"]

1. e4 c5 2. Nf3 e6 3. c3 d5 4. exd5 exd5 5. Bb5+ Nc6 6. O-O Bd6 7. d4 Ne7 8.
dxc5 Bxc5 9. Nbd2 O-O 10. Nb3 Bb6 11. Re1 Bg4 12. Be3 Bc7 13. h3 Bxf3 14. Qxf3
Ne5 15. Qd1 a6 16. Bd3 N7g6 17. Bxg6 fxg6 18. Bc5 Rf7 19. Bd4 Nc4 20. Nc5 Qh4
21. Nd3 Raf8 22. Qg4 Qd8 23. Qe6 Bd6 24. Kh1 Bb8 25. b3 Na3 26. Rac1 Qd6 27.
Qxd6 Bxd6 28. c4 dxc4 29. bxc4 Rc8 30. c5 Bf8 31. Bb2 Nb5 32. Re2 Rd7 33. Re3
Rcd8 34. Nf4 Rd1+ 35. Rxd1 Rxd1+ 36. Kh2 Bxc5 37. Re8+ Kf7 38. Rb8 Rd7 39. Be5
Bxf2 40. Rh8 h6 41. g3 Rd2 42. Ng2 Nd4 43. Bxd4 Bxd4 44. a4 Be5 45. h4 Rd3 46.
Nf4 Rd4 47. a5 Bxf4 48. gxf4 Rxf4 49. Kg3 Ra4 50. Rb8 Rb4 51. Rd8 Rb5 52. Rd7+
Kg8 53. Rc7 Kh7 54. Rd7 h5 55. Kf4 Rf5+ 56. Kg3 g5 57. Rxb7 gxh4+ 58. Kxh4 Rxa5
59. Rb6 g6 60. Rb7+ Kh6 61. Rb6 Ra4+ 62. Kh3 Kg5 63. Rb3 h4 64. Rc3 Kh5 65. Rc8
Ra3+ 66. Kh2 g5 67. Rd8 Ra2+ 68. Kh1 h3 69. Rh8+ Kg4 70. Rc8 Kg3 71. Rc3+ Kh4
72. Rc8 g4 73. Rc1 a5 74. Rd1 a4 75. Rc1 a3 76. Rc4 Rb2 77. Ra4 a2 78. Kg1 h2+
79. Kh1 Rb1+ 80. Kxh2 a1=Q 0-1

[Event "TCh-TUR 2014"]
[Site "Konya TUR"]
[Date "2014.06.23"]
[Round "1.3"]
[White "Akin, Kadir"]
[Black "Gundogan, Cem"]
[Result "0-1"]
[WhiteElo "1527"]
[BlackElo "2054"]
[WhiteTeam "Salihli Sardes Spor Kulubu"]
[BlackTeam "Kocaeli Buyuksehir Belediyesi Kagit Spor"]
[WhiteFideId "6348874"]
[BlackFideId "6311032"]
[EventDate "2014.06.23"]

1. e4 c5 2. d4 cxd4 3. c3 Nf6 4. e5 Nd5 5. Nf3 e6 6. Qxd4 Nc6 7. Qe4 d6 8. Nbd2
dxe5 9. Nxe5 Nxe5 10. Qxe5 f6 11. Qg3 e5 12. Bc4 Be6 13. O-O Nf4 14. Qf3 Qc7 15.
Bb5+ Kf7 16. Ne4 h5 17. Bxf4 exf4 18. Nd2 Rd8 19. Qe2 Qe5 20. Ne4 Bd6 21. Rfe1
Bc7 22. f3 Bb6+ 23. Kh1 Be3 24. Bc4 Bxc4 25. Qxc4+ Qd5 26. Qa4 b5 27. Qc2 Qd3
28. Qb3+ Qc4 29. Qa3 Kg6 30. Rad1 Rxd1 31. Rxd1 Rd8 32. Re1 Qe2 33. Rg1 Rd1 0-1

[Event "TCh-TUR 2014"]
[Site "Konya TUR"]
[Date "2014.06.23"]
[Round "1.3"]
[White "Kilic, Efe Mert"]
[Black "Ulas, Uygar"]
[Result "1-0"]
[WhiteElo "1859"]
[BlackElo "1524"]
[WhiteTeam "Kocaeli Buyuksehir Belediyesi Kagit Spor"]
[BlackTeam "Salihli Sardes Spor Kulubu"]
[WhiteFideId "6354327"]
[BlackFideId "6349307"]
[EventDate "2014.06.23"]

1. e4 d5 2. Nc3 d4 3. Nce2 e5 4. Nf3 Bd6 5. d3 c5 6. g3 Nc6 7. Bg2 f6 8. O-O Be6
9. Ne1 Nge7 10. f4 Qd7 11. Nf3 O-O-O 12. fxe5 Nxe5 13. Nf4 Bg4 14. h3 Nxf3+ 15.
Rxf3 Bxf3 16. Bxf3 g6 17. Qe2 Nc6 18. h4 Ne5 19. Bg2 g5 20. Bh3 g4 21. Bg2 Rhg8
22. Bd2 Nf3+ 23. Bxf3 gxf3 24. Qxf3 Qg4 25. Qxg4+ Rxg4 26. Kf2 Rdg8 27. Rg1 Kd7
28. Ne2 Ke6 29. Bf4 Be5 30. Kf3 f5 31. exf5+ Kxf5 32. Bxe5 Kxe5 33. Rg2 R4g6 34.
Nf4 Rf8 35. Re2+ Kd6 36. g4 Rgf6 37. Re4 b5 38. g5 Rf5 39. Kg4 Re5 40. Rxe5 Kxe5
41. Nh3 c4 42. h5 a5 43. h6 Rg8 44. Nf2 Rf8 45. Nh3 cxd3 46. cxd3 a4 47. a3 Rg8
48. Ng1 Rf8 49. Ne2 Rf2 50. Ng3 Rf4+ 51. Kh5 Rf3 52. Kg4 Rf4+ 53. Kh3 Rf3 54. g6
hxg6 55. Kg4 Rf8 56. Kg5 Rg8 57. Ne4 Ke6 58. h7 Rh8 59. Kxg6 Rc8 60. Nf6 Rh8 61.
Kg7 Rb8 62. Ng8 Rb7+ 63. Kg6 Rxh7 64. Kxh7 Kd6 65. Kg6 Kc5 66. Kf5 b4 67. Ke5
bxa3 68. bxa3 Kb5 69. Kxd4 Kb6 70. Kc4 Kc6 71. Nf6 Kd6 72. Ne4+ 1-0

[Event "TCh-TUR 2014"]
[Site "Konya TUR"]
[Date "2014.06.23"]
[Round "1.3"]
[White "Akti, Ezgi"]
[Black "Gundogan, Sinem Cagla"]
[Result "1-0"]
[WhiteElo "1483"]
[BlackElo "1770"]
[WhiteTeam "Salihli Sardes Spor Kulubu"]
[BlackTeam "Kocaeli Buyuksehir Belediyesi Kagit Spor"]
[WhiteFideId "6380638"]
[BlackFideId "6325378"]
[EventDate "2014.06.23"]

1. e4 e5 2. Nc3 Nc6 3. Bc4 Bc5 4. d3 Nf6 5. f4 d6 6. f5 Na5 7. Bb3 Nxb3 8. axb3
d5 9. Bg5 Bb4 10. d4 Qd6 11. Bd2 exd4 12. Nb5 Bxd2+ 13. Qxd2 Qe5 14. O-O-O dxe4
15. Qxd4 Qxd4 16. Rxd4 O-O 17. Nxc7 Rb8 18. Nd5 Nxd5 19. Rxd5 Re8 20. Ne2 b6 21.
Rhd1 Bb7 22. R5d4 e3 23. Nf4 Be4 24. f6 Rbc8 25. c3 gxf6 26. Nh5 f5 27. Nf6+ Kg7
28. Nxe8+ Rxe8 29. g3 Re5 30. Re1 Ra5 31. Ra4 Rb5 32. Rxe3 a5 33. g4 Rxb3 34.
gxf5 Bxf5 35. Rg3+ Bg6 36. h4 Rb5 37. Rd4 Kh6 38. Rd6 Rb3 39. Rg4 Kh5 40. Rf4
Rb5 41. Rd2 Rc5 42. c4 Kh6 43. Rd5 f5 44. b3 Rc6 45. Kb2 Re6 46. Ka3 Re1 47. Rd6
Kh5 48. Rxb6 Ra1+ 49. Kb2 Re1 50. Rb5 a4 51. bxa4 Re3 52. a5 Be8 53. Rbxf5+ Kg6
54. Rg5+ Kh6 55. a6 Re6 56. Ra5 Rb6+ 57. Kc3 Kg7 58. a7 1-0

[Event "TCh-TUR 2014"]
[Site "Konya TUR"]
[Date "2014.06.23"]
[Round "1.4"]
[White "Zarkua, Davit"]
[Black "Adhiban, Baskaran"]
[Result "0-1"]
[WhiteTitle "IM"]
[BlackTitle "GM"]
[WhiteElo "2409"]
[BlackElo "2624"]
[WhiteTeam "Karsiyaka Satranc Spor Kulubu"]
[BlackTeam "Tasduvar Satranc Spor Kulubu"]
[WhiteFideId "13602292"]
[BlackFideId "5018471"]
[EventDate "2014.06.23"]

1. Nf3 Nf6 2. d4 g6 3. g3 Bg7 4. Bg2 O-O 5. O-O d5 6. c3 a5 7. Bf4 a4 8. Na3 Nh5
9. Be3 Nc6 10. Qc1 Bf5 11. Bh6 Be4 12. Bxg7 Nxg7 13. Rd1 f5 14. Qh6 Bxf3 15.
Bxf3 e6 16. Qd2 f4 17. Bg2 g5 18. e4 Ne7 19. exd5 exd5 20. Re1 g4 21. Qe2 Ng6
22. Qxg4 Ra6 23. h4 f3 24. Bf1 Nf4 25. h5 Raf6 26. Re5 Kh8 27. gxf4 Ne6 28. Kh1
Rg8 29. Rg5 Nxg5 30. fxg5 Rh6 31. Bh3 Rxg5 32. Qxf3 Rgxh5 0-1

[Event "TCh-TUR 2014"]
[Site "Konya TUR"]
[Date "2014.06.23"]
[Round "1.4"]
[White "Dogan, Ali Ekber"]
[Black "Aghasiyev, Kamal"]
[Result "0-1"]
[BlackTitle "IM"]
[WhiteElo "2156"]
[BlackElo "2401"]
[WhiteTeam "Tasduvar Satranc Spor Kulubu"]
[BlackTeam "Karsiyaka Satranc Spor Kulubu"]
[WhiteFideId "6304540"]
[BlackFideId "13402854"]
[EventDate "2014.06.23"]

1. d4 Nf6 2. c4 g6 3. g3 Bg7 4. Bg2 O-O 5. Nf3 d6 6. O-O Nc6 7. d5 Na5 8. Qa4 c5
9. Bd2 b6 10. Bc3 Bd7 11. Qc2 Bf5 12. Qc1 a6 13. b3 b5 14. Qe1 b4 15. Bb2 Qd7
16. Nbd2 e5 17. e4 Bh3 18. a3 Nb7 19. Qe3 Bxg2 20. Kxg2 Nh5 21. Ne1 f5 22. f3
bxa3 23. Rxa3 f4 24. Qe2 fxg3 25. hxg3 Qe7 26. Nd3 a5 27. Rfa1 Rf7 28. Bc3 Raf8
29. Bxa5 Qg5 30. Nf1 Nf4+ 31. Nxf4 exf4 32. R1a2 Nxa5 33. Rxa5 fxg3 34. Ra8 Be5
35. Qe3 Qh4 36. R2a7 Rxa7 37. Rxa7 g5 38. Ra2 g4 39. fxg4 Rxf1 40. Kxf1 Qh1+ 41.
Ke2 Qg2+ 42. Kd3 Qxa2 43. Qg5+ Kf7 44. Qh5+ Ke7 45. Qxh7+ Kd8 46. Qb7 Qb1+ 47.
Ke3 Qe1+ 48. Kd3 Qd1+ 49. Ke3 Qd4+ 50. Ke2 Qxe4+ 51. Kd2 Qd4+ 52. Ke1 Qxg4 53.
Qb8+ Qc8 54. Qa7 Qf5 55. Qb8+ Ke7 56. Qc7+ Kf6 57. Qd8+ Kg6 58. Qg8+ Kh5 59.
Qe8+ Kg4 0-1

[Event "TCh-TUR 2014"]
[Site "Konya TUR"]
[Date "2014.06.23"]
[Round "1.4"]
[White "Capan, Ozan"]
[Black "Karagollu, Ahmet"]
[Result "1-0"]
[WhiteElo "1927"]
[BlackElo "2084"]
[WhiteTeam "Karsiyaka Satranc Spor Kulubu"]
[BlackTeam "Tasduvar Satranc Spor Kulubu"]
[WhiteFideId "6308708"]
[BlackFideId "6307825"]
[EventDate "2014.06.23"]

1. e4 e5 2. Nf3 Nc6 3. Nc3 Nf6 4. d4 exd4 5. Nxd4 Bb4 6. Nxc6 bxc6 7. Bd3 O-O 8.
O-O Re8 9. Bg5 h6 10. Bh4 Rb8 11. f4 Be7 12. Bxf6 Bc5+ 13. Kh1 Qxf6 14. e5 Qe7
15. Qf3 d5 16. Na4 Bb6 17. Rae1 Bd7 18. Nxb6 Rxb6 19. b3 c5 20. Qxd5 Bc6 21. Qc4
Rb4 22. Qc3 Rd4 23. Re3 Red8 24. Qe1 Qe6 25. Qg3 g5 26. f5 Qd5 27. e6 fxe6 28.
fxe6 Re8 29. e7 h5 30. Bc4 Rxc4 31. bxc4 Qxc4 32. Qxg5+ 1-0

[Event "TCh-TUR 2014"]
[Site "Konya TUR"]
[Date "2014.06.23"]
[Round "1.4"]
[White "Guler, Eren Can"]
[Black "Sen, Sezgin"]
[Result "0-1"]
[WhiteElo "1530"]
[BlackElo "1832"]
[WhiteTeam "Tasduvar Satranc Spor Kulubu"]
[BlackTeam "Karsiyaka Satranc Spor Kulubu"]
[WhiteFideId "6315640"]
[BlackFideId "6331475"]
[EventDate "2014.06.23"]

1. d4 d5 2. Nc3 Nf6 3. Bg5 Bf5 4. e3 e6 5. Bd3 Bg6 6. Qe2 c6 7. Nf3 Qb6 8. Rb1
Nbd7 9. O-O Bd6 10. e4 dxe4 11. Nxe4 Nxe4 12. Bxe4 Qc7 13. c4 Nf6 14. Bxf6 gxf6
15. d5 cxd5 16. cxd5 e5 17. Nd4 Qd7 18. Rbc1 O-O 19. Bxg6 hxg6 20. Nb5 Rfc8 21.
Rfd1 a6 22. Nc3 f5 23. Rc2 Kg7 24. Qd3 Rh8 25. Ne2 Rxh2 26. Nf4 Rah8 27. Nh3 e4
28. Qc3+ f6 29. f4 exf3 30. Qxf3 R8xh3 31. Qxh3 Rxh3 32. gxh3 Qa4 33. Rdd2 Qxa2
34. Rg2 Qxd5 35. Rcd2 Bc5+ 36. Kh1 Qf3 37. Kh2 g5 38. Rd7+ Kg6 39. Rdd2 Qf4+ 40.
Kh1 Qf1+ 41. Kh2 Bg1+ 42. Kh1 Be3+ 0-1

[Event "TCh-TUR 2014"]
[Site "Konya TUR"]
[Date "2014.06.23"]
[Round "1.4"]
[White "Nurlu, Selin"]
[Black "Soumya, Swaminathan"]
[Result "0-1"]
[BlackTitle "WGM"]
[WhiteElo "1575"]
[BlackElo "2318"]
[WhiteTeam "Karsiyaka Satranc Spor Kulubu"]
[BlackTeam "Tasduvar Satranc Spor Kulubu"]
[WhiteFideId "6308236"]
[BlackFideId "5016193"]
[EventDate "2014.06.23"]

1. e4 c5 2. Nf3 d6 3. Bb5+ Nd7 4. O-O Nf6 5. Nc3 a6 6. Bxd7+ Bxd7 7. d4 cxd4 8.
Nxd4 g6 9. h3 Bg7 10. Be3 b5 11. a3 O-O 12. Qd2 Re8 13. Rfe1 Qc7 14. Bh6 Bh8 15.
Nf3 Rac8 16. Rac1 Bc6 17. Ng5 a5 18. Re2 Qb7 19. Rd1 b4 20. Nd5 Bxd5 21. exd5
bxa3 22. bxa3 Rc5 23. Qf4 Rxd5 24. Rxd5 Qxd5 25. Rd2 Qc5 26. Qa4 Rb8 27. Rd1 d5
28. Qf4 Rc8 29. Rd2 Bg7 30. Bxg7 Kxg7 31. Re2 h6 32. Nf3 Qxa3 33. h4 Rc4 34. Qd2
Qc5 35. g3 Ne4 36. Qc1 Nxg3 37. Rd2 Rg4 38. Kh2 Nf5 39. h5 Nh4 40. Qb2+ d4 41.
Nxd4 Rxd4 42. Qxd4+ Qxd4 43. Rxd4 Nf3+ 0-1

[Event "TCh-TUR 2014"]
[Site "Konya TUR"]
[Date "2014.06.23"]
[Round "1.4"]
[White "Gulsoy, Mustafa Alpago"]
[Black "Kesgin, Halit Kaan"]
[Result "1-0"]
[WhiteElo "1798"]
[BlackElo "1823"]
[WhiteTeam "Tasduvar Satranc Spor Kulubu"]
[BlackTeam "Karsiyaka Satranc Spor Kulubu"]
[WhiteFideId "6337074"]
[BlackFideId "6349137"]
[EventDate "2014.06.23"]

1. e4 e5 2. Nf3 Nf6 3. Nc3 Bb4 4. Bc4 Nc6 5. O-O O-O 6. Re1 d6 7. h3 a6 8. a3
Bc5 9. d3 h6 10. Be3 Bxe3 11. Rxe3 Ne7 12. d4 Ng6 13. Qd2 c6 14. Rd1 Qe7 15.
dxe5 dxe5 16. Qd6 Qxd6 17. Rxd6 b5 18. Ba2 Bb7 19. g3 Rfd8 20. Red3 Rxd6 21.
Rxd6 Kf8 22. Nd2 Ke7 23. Rd3 c5 24. Bd5 Bxd5 25. Nxd5+ Nxd5 26. Rxd5 c4 27. b3
cxb3 28. Nxb3 f6 29. Nc5 Ra7 30. Kf1 Nf8 31. Ke2 Ne6 32. Kd2 Nxc5 33. Rxc5 Rd7+
34. Kc3 Rd4 35. Rc7+ Kf8 36. Rc8+ Kf7 37. f3 Rd1 38. Kb4 Rg1 39. g4 Rg3 40. Rc3
Rxh3 41. Ka5 h5 42. gxh5 Rxh5 43. Kxa6 f5 44. Kxb5 Kf6 45. a4 fxe4 46. fxe4 Kg5
47. Rf3 Kg4 48. Rf7 Rh2 49. Rxg7+ Kf4 50. Rc7 Kxe4 51. a5 Kd5 52. a6 Rh1 53. a7
Rb1+ 54. Ka6 Kd6 55. Rc3 Ra1+ 56. Kb7 Rb1+ 57. Rb3 Kd5 1-0

[Event "TCh-TUR 2014"]
[Site "Konya TUR"]
[Date "2014.06.23"]
[Round "1.4"]
[White "Tuna, Alp"]
[Black "Gulden, Egemen"]
[Result "1/2-1/2"]
[WhiteElo "1777"]
[BlackElo "1704"]
[WhiteTeam "Karsiyaka Satranc Spor Kulubu"]
[BlackTeam "Tasduvar Satranc Spor Kulubu"]
[WhiteFideId "6372910"]
[BlackFideId "6324983"]
[EventDate "2014.06.23"]

1. e4 d6 2. d4 g6 3. Nc3 Bg7 4. Be3 Nc6 5. Qd2 e5 6. d5 Nce7 7. O-O-O f5 8. f3
h6 9. Bb5+ Bd7 10. Bxd7+ Qxd7 11. Nge2 Nf6 12. Rhf1 f4 13. Bf2 g5 14. h3 h5 15.
Rh1 Ng6 16. Nb1 Ke7 17. c4 g4 18. c5 gxf3 19. gxf3 h4 20. Rdg1 Kf7 21. Qb4 Rhb8
22. Nd2 Nh5 23. Rh2 Ng3 24. Qc4 Bf8 25. Nc3 Qd8 26. c6 b6 27. Be1 a6 28. Nd1 Ne7
29. Nf2 Ng8 30. Ng4 Nh6 31. Qd3 Qe7 32. Rgg2 Bg7 33. Kb1 Kg8 34. Nf1 Rf8 35. a4
Qg5 36. Rg1 Qg6 37. Rhg2 Qh7 38. Nfh2 Nf7 39. Nf2 Ng5 40. b4 Qh5 41. Nhg4 b5 42.
a5 Qe8 43. Bc3 Qb8 44. Bb2 Qa7 45. Bc3 Rae8 46. Ka2 Kh7 47. Kb3 Bh8 48. Ka3 Rg8
49. Kb3 Rg6 50. Rh2 Reg8 51. Rgg2 Nf7 52. Rg1 Nh6 53. Qd2 Nxg4 54. hxg4 Rh6 55.
Nh3 Bf6 56. Qf2 Qb8 57. Re1 Qc8 58. Bb2 Kg6 59. Ba1 Kf7 60. Bc3 Rhh8 61. Bb2 Qd8
62. Bc3 Qe7 63. Bb2 Kg6 64. Bc3 Ra8 65. Bb2 Rh7 66. Bc3 Bg5 67. Bb2 1/2-1/2

[Event "TCh-TUR 2014"]
[Site "Konya TUR"]
[Date "2014.06.23"]
[Round "1.4"]
[White "Aslan, Lina"]
[Black "Celik, Akarsu Bengi"]
[Result "0-1"]
[WhiteElo "1535"]
[BlackElo "1418"]
[WhiteTeam "Tasduvar Satranc Spor Kulubu"]
[BlackTeam "Karsiyaka Satranc Spor Kulubu"]
[WhiteFideId "6358969"]
[BlackFideId "6348955"]
[EventDate "2014.06.23"]

1. e4 c5 2. Nf3 g6 3. d4 cxd4 4. Nxd4 Bg7 5. Nc3 Nc6 6. Be3 d6 7. Qd2 Nf6 8. f3
O-O 9. Bc4 Bd7 10. O-O-O a6 11. h4 Rc8 12. Bb3 b5 13. Bh6 Nxd4 14. Bxg7 Nxb3+
15. axb3 Kxg7 16. f4 Bg4 17. Rdf1 h5 18. f5 Qc7 19. fxg6 fxg6 20. Nd5 Nxd5 21.
exd5 Bf5 22. c3 Qa5 23. Qd4+ Kh7 24. Kd2 Qa2 25. c4 bxc4 26. Rc1 Qxb3 27. Rhe1
Qb4+ 28. Ke3 Qc5 29. Qxc5 Rxc5 30. Kd4 Re8 31. Rxc4 e5+ 32. dxe6 Rxc4+ 33. Kxc4
Rxe6 34. Rxe6 Bxe6+ 35. Kb4 d5 36. Kc5 Kg7 37. Kd4 Kf6 38. b4 Kf5 39. Kc5 Ke4
40. Kb6 Bc8 41. Kc7 d4 42. Kxc8 d3 43. Kb7 d2 44. Kxa6 d1=Q 45. b5 Qa1+ 46. Kb7
Kf4 47. b6 Kg4 48. Kb8 Kxh4 49. b7 Kg3 50. Kc8 Qh8+ 51. Kc7 Kxg2 52. b8=Q Qxb8+
53. Kxb8 h4 54. Kc7 h3 55. Kd6 h2 56. Ke6 h1=Q 57. Kf6 Qh5 58. Kg7 Kf3 59. Kf6
Ke4 60. Kg7 Kd4 0-1

[Event "TCh-TUR 2014"]
[Site "Konya TUR"]
[Date "2014.06.23"]
[Round "1.5"]
[White "Gasanov, Eldar"]
[Black "Arnaudov, G. Petar"]
[Result "1/2-1/2"]
[WhiteTitle "GM"]
[BlackTitle "GM"]
[WhiteElo "2495"]
[BlackElo "2457"]
[WhiteTeam "Bursa Buyuksehir Belediyesi"]
[BlackTeam "Karaman Belediye Spor Kulubu"]
[WhiteFideId "14104466"]
[BlackFideId "2907127"]
[EventDate "2014.06.23"]

1. c4 e6 2. Nf3 Nf6 3. Nc3 Bb4 4. g3 O-O 5. Bg2 b6 6. Qc2 Bb7 7. a3 Bxc3 8. Qxc3
d6 9. d4 a5 10. b3 Nbd7 11. O-O Re8 12. Bb2 Qb8 13. Rfd1 Be4 14. Bh3 b5 15. Nd2
bxc4 16. Nxe4 Nxe4 17. Qxc4 d5 18. Qc2 Rc8 19. Bg2 Nef6 20. Rdc1 Ra6 21. Bc3 c5
22. dxc5 Rxc5 23. Qb2 h6 24. e3 Rb6 25. b4 axb4 26. axb4 Rc8 27. Bf1 Ne4 28. b5
Nxc3 29. Rxc3 Rxc3 30. Qxc3 Rb7 31. Ra6 Nb6 32. Qc6 g6 33. Bd3 Nc4 34. Bxg6 Ne5
35. Bxf7+ Nxf7 36. Qxe6 d4 37. Qg4+ Kh7 38. Qe4+ Kg7 39. Rg6+ Kf8 40. Qg4 Ke7
41. Qe4+ Kf8 42. Qxd4 Rxb5 43. Qg7+ Ke7 44. Qf6+ Kf8 45. Qg7+ Ke7 46. Qf6+ Kf8
47. Rxh6 Rb1+ 48. Kg2 Qb7+ 49. Kh3 Ke8 50. Rg6 Kf8 51. Rh6 Ke8 52. Qc6+ Qxc6 53.
Rxc6 Rg1 54. Rc5 Ke7 55. Rf5 Ke6 56. e4 Nd6 57. Rf4 Nc4 58. Kg4 Ne5+ 59. Kh3 Nc4
60. Rf8 Re1 61. f3 Re2 62. g4 Ne3 63. Kg3 Nf1+ 64. Kf4 Nxh2 65. g5 Rg2 66. Rf5
Ke7 67. Ra5 Kf7 68. Ra7+ Kg6 69. Ra6+ Kf7 70. Ra5 Kg6 71. Rf5 Nxf3 72. Kxf3 Rxg5
73. Rf8 Kg7 74. Rf4 Ra5 75. Kg4 Re5 76. Kg3 Kg6 77. Kf3 Re6 78. Ke3 Rf6 79. e5
Rxf4 80. Kxf4 Kf7 81. Kf5 Ke7 82. e6 Ke8 83. Kf6 Kf8 84. e7+ Ke8 85. Ke6 1/2-1/2

[Event "TCh-TUR 2014"]
[Site "Konya TUR"]
[Date "2014.06.23"]
[Round "1.5"]
[White "Karayel, Atagun"]
[Black "Tasci, Onur"]
[Result "1-0"]
[WhiteElo "1940"]
[BlackElo "1891"]
[WhiteTeam "Karaman Belediye Spor Kulubu"]
[BlackTeam "Bursa Buyuksehir Belediyesi"]
[WhiteFideId "6305318"]
[BlackFideId "6322182"]
[EventDate "2014.06.23"]

1. d4 Nf6 2. c4 e6 3. Nc3 d5 4. Bg5 Be7 5. e3 b6 6. Nf3 Bb7 7. Bd3 dxc4 8. Bxc4
O-O 9. O-O Nbd7 10. Rc1 Rc8 11. Qe2 c5 12. Rfd1 Bxf3 13. gxf3 Nh5 14. f4 Bxg5
15. Qxh5 cxd4 16. Ne4 Bf6 17. Nxf6+ Nxf6 18. Qb5 Qe7 19. exd4 Rfd8 20. f5 exf5
21. Qxf5 Qb4 22. Bxf7+ Kxf7 23. Rxc8 Rd5 24. Rc7+ Kf8 25. Qe6 Rg5+ 26. Kh1 1-0

[Event "TCh-TUR 2014"]
[Site "Konya TUR"]
[Date "2014.06.23"]
[Round "1.5"]
[White "Yilmaz, Ada"]
[Black "Olcum, Ahmet"]
[Result "0-1"]
[WhiteElo "1818"]
[BlackElo "1936"]
[WhiteTeam "Bursa Buyuksehir Belediyesi"]
[BlackTeam "Karaman Belediye Spor Kulubu"]
[WhiteFideId "6330010"]
[BlackFideId "6311393"]
[EventDate "2014.06.23"]

1. Nf3 Nf6 2. c4 g6 3. g3 Bg7 4. Bg2 O-O 5. O-O d6 6. d4 Nc6 7. Nc3 e5 8. d5 Ne7
9. e4 Ne8 10. Ne1 f5 11. Nd3 fxe4 12. Nxe4 c6 13. Bd2 Kh8 14. Nc3 cxd5 15. Nxd5
Nxd5 16. cxd5 Bf5 17. Bc3 Nf6 18. h3 Qd7 19. Kh2 Qb5 20. Nc1 Be4 21. Bxe4 Nxe4
22. Qd3 Nxc3 23. bxc3 Qb2 24. Ne2 Rf7 25. Kg2 Raf8 26. a4 Rxf2+ 27. Rxf2 Qxa1
28. Rxf8+ Bxf8 29. Qf3 Kg7 30. Qg4 Qa2 31. Qe4 Be7 32. Kf2 Bd8 33. h4 Bb6+ 34.
Kg2 Qd2 35. c4 Qa2 36. Qg4 Qxa4 37. h5 Qe8 38. Nc3 a5 39. Ne4 Qe7 40. Ng5 Kh6
41. hxg6 Kxg6 42. Ne6+ Kh6 43. Qh3+ Kg6 44. Qg4+ Kf7 45. Qg7+ Ke8 46. Qg8+ Kd7
47. Qb8 Bd8 48. Qxb7+ Ke8 49. Qa8 Qd7 50. Kf2 h6 51. Ke2 Ke7 52. Kd3 Qe8 53.
Qb7+ Qd7 54. Qxd7+ Kxd7 55. g4 Bf6 56. Kc3 e4+ 57. Kb3 Be5 58. c5 a4+ 59. Kc4 a3
60. c6+ Kc8 0-1

[Event "TCh-TUR 2014"]
[Site "Konya TUR"]
[Date "2014.06.23"]
[Round "1.5"]
[White "Bal, Enes Emre"]
[Black "Erdogan, Anil Berk"]
[Result "0-1"]
[WhiteElo "1821"]
[BlackElo "1791"]
[WhiteTeam "Karaman Belediye Spor Kulubu"]
[BlackTeam "Bursa Buyuksehir Belediyesi"]
[WhiteFideId "6325866"]
[BlackFideId "6348173"]
[EventDate "2014.06.23"]

1. e4 e6 2. d4 d5 3. Nc3 Nf6 4. Bg5 Be7 5. e5 Nfd7 6. h4 h6 7. Bxe7 Qxe7 8. Bd3
a6 9. Qg4 O-O 10. Nf3 c5 11. O-O Nc6 12. Qg3 cxd4 13. Ne2 f6 14. Nf4 Ndxe5 15.
Rfe1 Nxd3 16. cxd3 Qf7 17. Ng6 Re8 18. h5 e5 19. Rad1 Bd7 20. Nh2 Rad8 21. Ng4
Bxg4 22. Qxg4 Ne7 23. Nh4 f5 24. Qe2 Qf6 25. Nf3 Nc6 26. a3 e4 27. dxe4 dxe4 28.
Nd2 d3 29. Qe3 Nd4 30. Nc4 Nc2 31. Qc5 Nxe1 32. Rxe1 Qc6 33. Qb4 Rd4 34. b3 b5
35. Ne5 Qd5 0-1

[Event "TCh-TUR 2014"]
[Site "Konya TUR"]
[Date "2014.06.23"]
[Round "1.5"]
[White "Mirzoeva, Elmira"]
[Black "Yordanova, Svetla"]
[Result "0-1"]
[WhiteTitle "WGM"]
[BlackTitle "WIM"]
[WhiteElo "2241"]
[BlackElo "2101"]
[WhiteTeam "Bursa Buyuksehir Belediyesi"]
[BlackTeam "Karaman Belediye Spor Kulubu"]
[WhiteFideId "4127951"]
[BlackFideId "2905108"]
[EventDate "2014.06.23"]

1. d4 Nf6 2. c4 c5 3. d5 e6 4. Nc3 exd5 5. cxd5 d6 6. Nf3 g6 7. Bf4 a6 8. a4 Bg7
9. h3 O-O 10. e3 Ne8 11. Be2 Qe7 12. Nd2 Nd7 13. Nc4 Rb8 14. O-O b6 15. Re1 Ne5
16. Bg3 f5 17. Na3 Nc7 18. f4 Nf7 19. Qd2 Bd7 20. Nc4 b5 21. axb5 axb5 22. Na5
b4 23. Nd1 Ra8 24. Nf2 Rfe8 25. Nc4 Bb5 26. Rxa8 Rxa8 27. Nb6 Ra2 28. Nd1 Qe8
29. Qc2 Bxe2 30. Qxe2 Qb5 31. Nc4 Nxd5 32. Qc2 Nf6 33. Qb3 Qa4 34. Qd3 d5 35.
Ne5 c4 36. Qd4 Qa7 37. Qd2 Ne4 38. Qxd5 Nxg3 39. Nc6 Qc7 40. Qxc4 Ra8 41. Nf2
Kh8 42. Nd3 Rc8 43. Ndxb4 Nd6 44. Qd3 Nge4 45. Ra1 Qb6 46. Kh2 Bxb2 47. Ra6 Qb5
48. Qb3 Bg7 49. Na7 Qc4 50. Qa4 Rf8 51. Rc6 Qf1 52. Rc7 Nf2 53. Qd7 Qh1+ 54. Kg3
Nfe4+ 0-1